| 000 | 00893nam a22002655i 4500 | ||
|---|---|---|---|
| 001 | 176428 | ||
| 003 | ES-MaACL | ||
| 005 | 20250809151247.0 | ||
| 008 | 110114s1962 sp af |||| | spa d | ||
| 080 | _a27-242 | ||
| 080 | _a930.85 | ||
| 100 | 0 |
_aParrot, André. _989273 |
|
| 245 | 1 | 3 |
_aLa torre de Babel / _cAndré Parrot ; traducción de José Ramón Bargas. |
| 260 |
_aBarcelona : _bGarriga, _cD. L. 1962. |
||
| 300 |
_a70 p. , [3] h. de lám. : _bil. bl. y n. ; _c21 cm. |
||
| 490 | 1 |
_aCuadernos de Arqueología Bíblica ; _v2 |
|
| 500 | _aÍndices. | ||
| 504 | _aBibliografía: p. 65-66. | ||
| 630 | 0 | 4 |
_aBiblia. _pA.T. _pGénesis. _9144762 |
| 650 | 7 |
_aArqueología bíblica _2embne _99981 |
|
| 700 | 1 |
_aBargas, José Ramón. _925634 |
|
| 830 | 0 |
_aCuadernos de Arqueología Bíblica ; _v2 _9190046 |
|
| 852 |
_aES-MaACL _jE-14058 _xOlim P-379-bis |
||
| 999 |
_c176428 _d176428 |
||